A vagyonérdekeltség polgári jogi vonatkozásai

Elmentve itt :
Bibliográfiai részletek
Szerző: Hadfi János
További közreműködők: Kemenes Béla (Témavezető)
Dokumentumtípus: Szakdolgozat
Megjelent: 1987-10-29
Tárgyszavak:
Online Access:http://diploma.bibl.u-szeged.hu/21597
LEADER 00557nta a2200157 i 4500
001 dipl21597
005 20130314080749.0
008 111125s1987 hu om 0|| zxx d
040 |a SZTE Diploma Repozitórium  |b hun 
041 |a zxx 
100 1 |a Hadfi János 
245 1 2 |a A vagyonérdekeltség polgári jogi vonatkozásai  |h [elektronikus dokumentum] /  |c János Hadfi 
260 |c 1987-10-29 
650 4 |a Jogi és igazgatási tanulmányok 
700 1 |a Kemenes Béla  |e ths 
856 4 0 |u http://diploma.bibl.u-szeged.hu/id/eprint/21597/1/1987_hadfi_janos.pdf  |z Dokumentum-elérés